Geografinio švietimo kaita
| Titel: | Geografinio švietimo kaita : Dėsningumai ir <ar> sprendimai <?> |
|---|---|
| Verfasser: | |
| In: |
Geografijos metraštis, Band 32 (1999), Seite 5-15, 2 Tab., 2 graph. Darst. alle Artikel anzeigen |
| Veröffentlicht: | 1999 |
| Format: | Aufsatz |
| Sprache: | Litauisch |
X
alg: 39285414 001A $01999:11-11-16 001B $01999:22-05-21 $t21:49:51.000 001C $06050:19-11-16 $t09:31:06.000 001D $01999:11-11-16 001U $0utf8 001X $00 002@ $0Aox 003@ $0392854147 007A $0392854147 $aHEB 007T $0Herde09168 010@ $alit 011@ $a1999 021A $aGeografinio švietimo kaita $dDėsningumai irsprendimai > 028A $aKairaitis $dZigmas 031A $d32 $h5-15, 2 Tab., 2 graph. Darst. $j1999 037A $aabstract S. 412 (elektron. Ausg.: http://www.geo.lt/metrastis/32/abstracts.html) 037A $aengl. Res. 15: Change of geographical education. Regularities and solutions > 039B $aIn $8--Abvc--. Geografijos metraštis. - Vilnius : Akad., 1981-. - ISSN 0132-3156 $x199900000320000995 $9048472980 045F $a370.94793 $eDDC23BSB 045F/01 $a370.9 045F/03 $g4793 045T $a14 lok: 39285414 78 exp: 39285414 78 1 #EPN 201B/01 $019-04-17 $t11:38:06.000 201U/01 $0utf8 203@/01 $0788964380 208@/01 $a11-11-16 $be 209A/01 $a/ $f000 $x00 220C/01 $aTitelaufnehmer: pk 220C/01 $aHerkunft: Baltische Bibliographie / P. Kaegbein 237A/01 $aweiterführende Signatur(en): HI: 45 II AZ 1 244Z/01 $2Trx $#Litauen $#Lithuania $#Litwa $#Litva $#Litva $8--Trx--Lietuva $x01 $9391193457 244Z/01 $2Trx $#geograafia $#geografija $#Geography $#földrajz $#geografia $#geografia $#geografie $8--Trx--Geographie $x02 $9391353772 244Z/01 $2Trx $#õppetöö $#dėstymas mokyklose $#primary education $#tanítási óra $#nauczanie $#vyučovanie školské $#vyučování školní $8--Trx--Schulunterricht $x03 $9391374958 244Z/01 $2Trx $8--Trx--Zeitschriftenaufsatz $x04 $9391384341 245Z/01 $a11.04 $x01 247C/01 $82080>Marburg/Lahn, Herder-Institut, Forschungsbibliothek, Bibliographieportal $9336309341
| LEADER | 00000caa a22000002c 4500 | ||
|---|---|---|---|
| 001 | 392854147 | ||
| 003 | DE-603 | ||
| 005 | 20210522214951.0 | ||
| 007 | tu | ||
| 008 | 161111s1999 xx |||| | u00||u|lit c | ||
| 035 | |a (DE-599)HEB392854147 | ||
| 040 | |a DE-603 |b ger |c DE-603 |d DE-603 | ||
| 041 | |a lit | ||
| 082 | 0 | 4 | |8 1\u |a 370.94793 |q DE-101 |2 23/BSB |
| 084 | |a 14 |2 ssgn | ||
| 085 | |8 1\u |b 370.9 | ||
| 085 | |8 1\u |z 2 |s 4793 | ||
| 100 | 1 | |a Kairaitis, Zigmas | |
| 245 | 0 | 0 | |a Geografinio švietimo kaita |b Dėsningumai ir <ar> sprendimai <?> |
| 264 | 0 | |c 1999 | |
| 500 | |a abstract S. 412 (elektron. Ausg.: http://www.geo.lt/metrastis/32/abstracts.html) | ||
| 500 | |a engl. Res. 15: Change of geographical education. Regularities and <or> solutions <?> | ||
| 773 | 0 | 8 | |i In |t Geografijos metraštis |d Vilnius : Akad., 1981- |x 0132-3156 |g Band 32 (1999), Seite 5-15, 2 Tab., 2 graph. Darst. |w (DE-603)048472980 |w (DE-600)990309-4 |
| 924 | 0 | |9 2080 |a (DE-603)788964380 |b DE-2080 |c HES |d d |g / | |


